Countries with Baskin Robins - Statistics

General Stats
  • This quiz has been taken 37 times
  • The average score is 30 of 39
Answer Stats
Continent Country % Correct
North America United States of America
100%
North America Canada
96%
Europe United Kingdom
96%
Oceania Australia
91%
Asia China
91%
Asia India
91%
North America Mexico
91%
Asia/ Europe Russia
91%
Asia Thailand
91%
Asia Japan
87%
Oceania New Zealand
87%
Asia South Korea
87%
Europe Spain
87%
Asia Iran
83%
Asia Malaysia
83%
Asia Saudi Arabia
83%
Asia United Arab Emirates
83%
Asia Indonesia
78%
North America Panama
78%
Europe Denmark
74%
North America Jamaica
74%
Asia Oman
74%
Asia Pakistan
74%
Europe Portugal
74%
Asia Taiwan
74%
Asia Nepal
70%
Asia Qatar
70%
Asia Singapore
70%
Asia the Philippines
70%
South America Ecuador
65%
Africa Egypt
65%
Asia Kuwait
65%
Asia Bahrain
61%
North America Honduras
61%
Asia Yemen
61%
Asia Bangladesh
57%
North America Dominican Republic
57%
Europe Greece
57%
Asia Lebanon
57%
No matching quizzes found
Score Distribution
Percent of People with Each Score
Percentile by Number Answered
Your Score History
You have not taken this quiz